<?xml version="1.0" encoding="UTF-8"?>
<collection xmlns="http://www.loc.gov/MARC21/slim">
<record>
  <controlfield tag="001">163692</controlfield>
  <controlfield tag="005">20251028143429.0</controlfield>
  <datafield tag="024" ind1="8" ind2=" ">
    <subfield code="2">innovaciondocente</subfield>
    <subfield code="a">5085</subfield>
  </datafield>
  <datafield tag="037" ind1=" " ind2=" ">
    <subfield code="a">INNODOC-2024-5085</subfield>
  </datafield>
  <datafield tag="041" ind1=" " ind2=" ">
    <subfield code="a">spa</subfield>
  </datafield>
  <datafield tag="100" ind1=" " ind2=" ">
    <subfield code="0">(orcid)0000-0002-9140-9367</subfield>
    <subfield code="a">Val Blasco, Sonia Belén</subfield>
    <subfield code="e">coord.</subfield>
  </datafield>
  <datafield tag="245" ind1=" " ind2=" ">
    <subfield code="a">OCW Eficiencia Energética y Energía Solar Térmica</subfield>
  </datafield>
  <datafield tag="260" ind1=" " ind2=" ">
    <subfield code="a">Zaragoza</subfield>
    <subfield code="b">Universidad de Zaragoza</subfield>
    <subfield code="c">2024</subfield>
  </datafield>
  <datafield tag="520" ind1="3" ind2=" ">
    <subfield code="a">Este curso pretende generar contenidos para que los estudiantes puedan tener conocimientos acerca de cómo analizar la eficiencia energética de las instalaciones industriales, edificios, etc., además, de evaluar dicha eficiencia.  Para ello, se incluirá información descriptiva que permita adquirir conocimientos básicos de la materia y también se realizarán videos y material visual que permitan a los usuarios del curso familiarizarse con los equipos y componentes, ver cómo se implementan en las instalaciones y cuál es su misión.</subfield>
  </datafield>
  <datafield tag="700" ind1=" " ind2=" ">
    <subfield code="0">(orcid)0000-0002-1968-6300</subfield>
    <subfield code="a">Naval Martín, Natalia</subfield>
  </datafield>
  <datafield tag="856" ind1="4" ind2=" ">
    <subfield code="s">64447</subfield>
    <subfield code="u">http://zaguan.unizar.es/record/163692/files/memoria_PRAUZ_2024_5085.pdf</subfield>
    <subfield code="y">Memoria del proyecto</subfield>
  </datafield>
  <datafield tag="970" ind1=" " ind2=" ">
    <subfield code="a">INNODOC-2024-5085</subfield>
  </datafield>
  <datafield tag="980" ind1=" " ind2=" ">
    <subfield code="a">INNODOC</subfield>
    <subfield code="b">PRAUZ</subfield>
  </datafield>
</record>
</collection>